Cities with Tennis Championships, Men's ATP - Statistics

General Stats
  • This quiz has been taken 32 times
  • The average score is 10 of 18
Answers on the Grid
Answers color-coded by a green-red scale on the quiz's grid according to % correct below.
Monte Carlo - Monaco
Athens
Budapest
s-Hertogenbosch
Paris
Moscow
Almaty
Oslo
Helsinki
Astana
Melbourne
Sydney
Båstad
Miami
Rio de Janeiro
Denver
Dubai
Acapulco
Los Angeles
Madrid
Casablanca
Munich
Bern
Estoril
Umag
Baltimore
Indian Wells
Chengdu
Kitzbühel
Cleveland
 
Answer Stats
Answer % Correct
Monte Carlo - Monaco
96%
Paris
87%
Madrid
78%
Melbourne
78%
Dubai
70%
Indian Wells
70%
Miami
70%
Acapulco
57%
Sydney
57%
Munich
52%
Rio de Janeiro
48%
s-Hertogenbosch
48%
Båstad
43%
Chengdu
30%
Kitzbühel
30%
Umag
30%
Almaty
26%
Estoril
13%
No matching quizzes found
Score Distribution
Percent of People with Each Score
Percentile by Number Answered
Your Score History
You have not taken this quiz